LEADER 01462nam a2200265 i 4500 001 000000050190 003 CaOOAMICUS 005 20120611000000.0 008 120611s1982 xx u000 u ger u 013 $a21361 020 $a3-87620-077-6 040 $aSeMil$bita 245 10$aBefreiung vom objektiv Guten? :$bVom verleugneten Desaster der Antikonzeption zum befreienden Ethos : zum Kampf um die christliche Wahrheit und Berufung ehelicher Liebe /$cJohannes Bökmann (Hrsg.) ; mit Beiträgen von J. Bökmann, G. Ermecke ... [et al.]. 260 $aVallendar-Schönstatt :$bPatris,$c1982. 300 $a363 p. ;$c21 cm. 650 4$aFamiglia - Concezione cristiana.$0(OLS)http://semarc/subject/1374 650 4$aSessualitā - Teologia morale.$0(OLS)http://semarc/subject/10230 650 4$aChiesa e contraccezione.$0(OLS)http://semarc/subject/8369 700 1 $aErmecke, Gustav.$0(OLS)http://semarc/name/24858 700 1 $aBökmann, Johannes.$0(OLS)http://semarc/name/24857 850 $aSeMil 852 $aSeMil$W1$xVenegono$y1$m2E IV 206$j16345$B16345$CSeMilBibl$Z2$F16345 $81 996 $6020$a3-87620-077-6$9(OLS)http://semarc/number/23818 996 $6245$aBefreiung vom objektiv Guten? :$bVom verleugneten Desaster der Antikonzeption zum befreienden Ethos : zum Kampf um die christliche Wahrheit und Berufung ehelicher Liebe$9(OLS)http://semarc/title/76594 996 $6260$aVallendar-Schönstatt :$bPatris$9(OLS)http://semarc/publisher/41204 LEADER 01546nam a2200301 i 4500 001 000000120393 003 CaOOAMICUS 005 20031119000000.0 008 031119s2003 it u000 u ita u 013 $a93087 020 $a88-7652-954-3 040 $aSeMil$bita 100 1 $aUggé, Bassiano .$0(OLS)http://semarc/name/50111 245 13$aLa fase preliminare-abbreviata del processo di nullitā del matrimonio in secondo grado di giudizio a norma del can. 1682 § 2 /$cBassiano Uggé. 246 08$iTitolo sul dorso:$aIl "processus brevior" (can. 1682 § 2) 260 $aRoma :$bPontificia Universitā Gregoriana,$c2003. 300 $a362 p. ;$c24 cm. 490 0 $aTesi Gregoriana. Serie Diritto canonico ;$v60 500 $aContiene : Bibliografia. 650 4$aMatrimonio canonico - Nullitā.$0(OLS)http://semarc/subject/12275 830 0$aTesi Gregoriana. Serie Diritto canonico ;$v60.$0(OLS)http://semarc/title/400183 850 $aSeMil 852 $aSeMil$W1$xVenegono$y1$m2H I 230$j75580$B75580$CSeMilBibl$Z2$F77100 $81 961 $aSottoscrizione: Cittā Nuova 996 $6020$a88-7652-954-3$9(OLS)http://semarc/number/105626 996 $6245$aLa fase preliminare-abbreviata del processo di nullitā del matrimonio in secondo grado di giudizio a norma del can. 1682 § 2$9(OLS)http://semarc/title/177182 996 $6246$aIl "processus brevior" (can. 1682 § 2)$9(OLS)http://semarc/title/177183 996 $6260$aRoma :$bPontificia Universitā Gregoriana$9(OLS)http://semarc/publisher/29750